00934 a2200241 4500003000500000005001700005020002500022020002900047035002100076035002400097040000900121082001700130100002300147245005900170250001200229260002900241300001200270505021800282650003400500942001200534999001900546952012700565Nust20220803150547.0 a1-85617-770-X (pbk.) a978-1-85617-770-2 (pbk.) a(OCoLC)540182470 a(OCoLC)ocn540182470 cNust04a621.3192,BIR1 aBird, J. O.94490310aElectrical circuit theory and technology /cJohn Bird. a4th ed. aOxford :bNewnes,c2010. ap.ccm. aPart 1:- Basic Electrical Engineering Principle (Page-1), Part 2:- Electrical Principles and Technology (Page-153), Part 3:- Advanced Circuit Theory and Technology (Page-333), Part 4: General reference (Page-723). 0aTelecommunication Engineering 2ddccBK c189423d189423 00102ddc4070aMCSbMCScREFd2016-12-12o621.3192,BIRpMCS35162r2016-12-08w2016-12-12yREFzAlmirah No.20, Shelf No.4